| 000 | 00484cam a2200193ua 4500 | ||
|---|---|---|---|
| 001 | 2657 | ||
| 008 | 110909n ii |||gr||||Z||||||asm | ||
| 040 | _cMAIN | ||
| 082 | _a891.4512 | ||
| 100 |
_aChoudhury, Prasanalal, _eAuthor. |
||
| 245 | 1 | 1 |
_aNeelambar _cby Prasanalal Choudhury |
| 250 | _a3rd. | ||
| 260 |
_aNalbari: _bDutta baruah and company,964. |
||
| 300 |
_a133p: _c23cm. |
||
| 653 | _aAssamese drama | ||
| 653 | _aAssamese literature | ||
| 653 | _aNeelambar | ||
| 942 | _cBK | ||
| 999 |
_c2508 _d2508 |
||